| 000 | 00803nam a2200277 4500 | ||
|---|---|---|---|
| 999 |
_c5334 _d5334 |
||
| 001 | 5334 | ||
| 003 | BD-JHcc | ||
| 005 | 20171212192401.0 | ||
| 008 | 171209s1960 ilu 001 0 eng d | ||
| 035 | _a(BD-JHcc)5334 | ||
| 040 |
_aDLC _cDLC _dBD-JHcc _dEQO |
||
| 041 | _aeng | ||
| 050 | 0 | 0 |
_aHM206 _b.W28 |
| 082 | 0 | 0 |
_a301.3 _bPHI 1960 |
| 100 | 1 |
_aWagner, Philip L. _q(Philip Laurence), _d1921- |
|
| 245 | 1 | 4 |
_aThe human use of the earth / _cby Philip L. Wagner. |
| 260 |
_aNew York : _bFree Press, _cc1960. |
||
| 300 |
_axv, 270 p. : _bill. ; _c22 cm. |
||
| 490 | 1 | _aFree Press paperback | |
| 504 | _aIncludes bibliographical references p. (239-261) and index. | ||
| 650 | 0 | _aHuman ecology. | |
| 650 | 0 | _aHuman geography. | |
| 830 | 0 | _aFree Press paperback | |
| 942 |
_2ddc _cBK |
||